Χώρες που αρχίζουν από Λ - Statistics

General Stats
  • This quiz has been taken 1 737 times
  • The average score is 7 of 11
Answer Stats
Απάντηση % Correct
Λετονία
93%
Λιθουανία
91%
Λάος
71%
Λουξεμβούργο
71%
Λιβύη
67%
Λιχτενστάιν
66%
Λίβανος
65%
Λευκορωσία
62%
Λιβερία
60%
Λεσόθο
41%
Λαϊκή Δημοκρατία του Κονγκό
30%
No matching quizzes found
Score Distribution
Percent of People with Each Score
Percentile by Number Answered
Your Score History
You have not taken this quiz